| 000 | 00709nab a2200217 a 4500 | ||
|---|---|---|---|
| 005 | 20210219162034.0 | ||
| 008 | 991125s1985 mx 000 0 spa u | ||
| 035 | _aUPN01000196474 | ||
| 100 | 1 | _aColombo, Maddalena | |
| 100 | 1 | _umaddalena.colombo@unicatt.it | |
| 222 | _aESTUDIOS SOBRE EDUCACION | ||
| 245 | _aDisadvantaged life itineraries and the use of personal agency among italian early school leavers and at-risk students | ||
| 260 | _aPamplona, EspaƱa | ||
| 300 | _a9-35 | ||
| 362 | 0 | _a2013 Vol. 24, jun. | |
| 653 | 0 | _aDESERCION ESCOLAR | |
| 653 | 0 | _aJOVENES | |
| 653 | 0 | _aITALIA | |
| 856 | 1 | _uhttp://dspace.unav.es/dspace/bitstream/10171/29572/2/COLOMBO%209-35.pdf | |
| 905 | _aArticulo | ||
| 999 |
_c168575 _d168575 |
||